00486nam a2200145 4500001000700000003000900007005001700016007000300033008004100036100004000077245011700117260005300234300002900287852002400316133092ES-MaACL20240511063033.0t|070214s1926 sp r ||||1| spa d1 aRubiano Herrera, Santos,d1871-193010aEstado actual del Servicio Psiquiátrico Militar en España b: conferencia... / cpor Santos Rubiano Herrera. aMadrid : b[s. n.], c1926 (fImp. Julio Cosano) a28 p. : bil. ; c24 cm. aES-MaACLj1668-F-20